Evaluation of the relationship of maxillary posterior teeth with floor of maxillary sinus and cortical plate using cone beam computed topography (Record no. 30407)

MARC details
000 -LEADER
fixed length control field 00478nam a22001337a 4500
003 - CONTROL NUMBER IDENTIFIER
control field SGT
082 ## - DEWEY DECIMAL CLASSIFICATION NUMBER
Classification number 617.63
Item number E24Y
100 ## - MAIN ENTRY--PERSONAL NAME
Personal name Yadav, Vishesh
245 ## - TITLE STATEMENT
Title Evaluation of the relationship of maxillary posterior teeth with floor of maxillary sinus and cortical plate using cone beam computed topography
Remainder of title A hospital based retrospective study
260 ## - PUBLICATION, DISTRIBUTION, ETC. (IMPRINT)
Place of publication, distribution, etc Gurugram, Haryana
Name of publisher, distributor, etc SGT University
Year of Publication 2024
300 ## - PAGE DESCRIPTION
No. of Pages 103
650 ## - SUBJECT ADDED ENTRY--TOPICAL TERM
Topical term or geographic name as entry element Oral & Maxillofacial Radiology
942 ## - ADDED ENTRY ELEMENTS (KOHA)
Source of classification or shelving scheme Dewey Decimal Classification
Koha item type Thesis/Dissertation
Holdings
Withdrawn status Lost status Source of classification or shelving scheme Damaged status Use restrictions Not for loan Home library Current library Date acquired SGTU Total Checkouts Full call number Accession No. (Barcode) Date last seen Bill Date Koha item type
    Dewey Decimal Classification   Restricted Access Not For Loan SGT Dental Library SGT Dental Library 24/03/2025 SGTU   617.63 E24Y DT2194 24/03/2025 24/03/2025 Thesis/Dissertation